[Event "WchT Seniors 50"]
[Site "Radebeul"]
[Date "2016.07.03"]
[Round "8.17"]
[White "Scheuermann, Bernhard"]
[Black "Westphal, Norbert"]
[Result "1-0"]
[WhiteElo "2229"]
[BlackElo "1965"]
[PlyCount "59"]
[EventDate "2016.06.26"]
[EventType "team-swiss"]
[EventRounds "9"]
[EventCountry "GER"]
[SourceTitle "CBM 173 Extra"]
[Source "ChessBase"]
[SourceDate "2016.08.29"]
[SourceVersion "1"]
[SourceVersionDate "2016.08.29"]
[SourceQuality "1"]
[WhiteTeam "Dresden Striesen"]
[BlackTeam "Radebeul Chemie"]
[WhiteTeamCountry "GER"]
[BlackTeamCountry "GER"]

1. e4 Nf6 2. e5 Nd5 3. d4 d6 4. c4 Nb6 5. exd6 exd6 6. Bd3 Nc6 7. Ne2 g6 8. Nbc3 Bg7 9. Be3 Nb4 10. Bb1 Nxc4 11. Qa4+ Bd7 12. Qxb4 Nxe3 13. fxe3 0-0 14. 0-0 b5 15. Be4 a5 16. Qb3 c6 17. Rae1 d5 18. Bd3 f5 19. a3 Kh8 20. Qc2 Rc8 21. Kh1 c5 22. dxc5 Rxc5 23. Qb3 Be5 24. Nd4 f4 25. Nf3 Bd6 26. e4 a4 27. Qd1 dxe4 28. Bxe4 Qf6 29. Nd5 Qg7 30. Nb6 1-0

[Event "CFriend AR-2004-F-00003 email"]
[Site "Chessfriend.com"]
[Date "2005.07.08"]
[Round "1"]
[White "Scheuermann, Bernhard"]
[Black "Skorna, Ullrich"]
[Result "1-0"]
[WhiteElo "2279"]
[BlackElo "2199"]
[PlyCount "95"]
[EventDate "2005.??.??"]
[EventType "tourn (corr)"]
[EventRounds "6"]
[SourceTitle "Corr 2008"]
[Source "ChessBase"]
[SourceDate "2008.06.24"]
[SourceVersion "1"]
[SourceVersionDate "2008.06.24"]
[SourceQuality "1"]

1. e4 e6 2. d4 d5 3. Nc3 Bb4 4. e5 Ne7 5. a3 Bxc3+ 6. bxc3 c5 7. Qg4 0-0 8. Bd3 f5 9. exf6 Rxf6 10. Bg5 Rf7 11. Qh5 g6 12. Qd1 Nbc6 13. Nf3 Qf8 14. 0-0 c4 15. Be2 h6 16. Bc1 Qg7 17. a4 Bd7 18. Ba3 Nc8 19. Qd2 Kh7 20. Rfe1 Qf6 21. Bd1 b6 22. Bc1 g5 23. Ne5 Nxe5 24. Rxe5 Ne7 25. Bh5 Rg7 26. Ba3 Nc6 27. Re3 Qf4 28. g3 Qf5 29. h3 Nd8 30. Kh2 e5 31. Bg4 Qg6 32. Rxe5 Bxg4 33. hxg4 Nf7 34. Rxd5 Qe4 35. Rb5 Re8 36. Qd1 h5 37. gxh5 g4 38. Qh1 Qxc2 39. Qb1 Re2 40. Qxc2+ Rxc2 41. Kg2 Ng5 42. Rf5 Rxc3 43. h6 Rf3 44. Re5 Rg6 45. Bc1 Nf7 46. Re7 Kg8 47. Rxa7 Nxh6 48. Rc7 1-0